| 000 | 01011nam a2200217Ia 4500 | ||
|---|---|---|---|
| 001 | 10123 | ||
| 003 | GE_BSU | ||
| 008 | 181216s||||||||xx |||||||||||||| ||und|| | ||
| 020 | _a9789941200083 | ||
| 040 | _cGE_BSU | ||
| 080 | _a271.22-772+271.22(479.22)(09)+271.22-726.2(479.22) | ||
| 100 | _aჯაფარიძე,ანანია მიტროპოლიტი | ||
| 245 | _aსაეპისკოპოები ლაზიკაში:ეძღვნება სრულიად საქართველოს კათოლიკოს–პატრიარქს,უწმინდესსა და უნეტარეს ილია II–ს | ||
| 245 | _cსამეცნ.რედ. ი.გორგიძე | ||
| 260 | _aთბილისი | ||
| 260 | _bტექნიკური უნ–ტი | ||
| 260 | _c2011 | ||
| 300 | _a864გვ.ფოტ.რუკ.30სმ. | ||
| 653 | _aსაეპისკოპოები ლაზიკაში | ||
| 942 | _cBK | ||
| 999 |
_c43395 _d43395 |
||